000 00629nam a22002297a 4500
003 UA-OsUOA
001 78745
007 ta
008 20111019b un ||||| |||| 00| 0 ukr d
090 _a18
_bЭ90
942 _cBK
040 _aUA-OsUOA
_brus
_cUA-OsUOA
_dUA-OsUOA
245 _aЭтическая мысль
_bнауч.-публиоцист. чтения
_cотв. ред. А.А.Гусейнов
300 _a384 с.
955 _a2
041 _arus
080 _a18
020 _a5-250-00061-4
260 _aМ.
_bПолитиздат
_c1988
650 7 _a1 Філософські науки
_2UDC
999 _c365062
_d365062